000 00871nam a2200241Ii 4500
003 JO-AjNU
008 230605s9999||||xx |||||||||||||| ||und||
017 _a20/3629
020 _a9660-32-079-0
040 _aJO-AjNU
_bara
_erda
_cJO-AjNU
041 _aara
050 1 4 _aBP144.A28 2000
100 3 _aأبو سليمان، عبد الوهاب ابراهيم ,
_eauthor
_927877
245 0 0 _aعقد الإجارة مصدر من مصادر التمويل الإسلامية : دراسة فقهية مقارنة
250 _aط2
264 3 1 _aجدة: المعهد الاسلامي للبحوث والتدريب ، 2000
300 _a92ص
336 _atext
_btxt
_2rdacontent
337 _aunmediated
_bn
_2rdamedia
338 _avolume
_bnc
_2rdacarrier
490 0 _aبحث رقم 19
650 4 _aاجارة- فقه اسلامي- عقود الايجار
_927878
999 _aA10745
_c14313
_d14313